Catálogo público

Control químico de tizón foliar (Alternaria dauci Künh), en el cultivo de zanahoria (Daucus carota var. sativa L.), en Chapingo, México / (Record no. 200044)

MARC details
000 -CABECERA
campo de control de longitud fija 01029nam a2200301Ia 4500
001 - NÚMERO DE CONTROL
campo de control Para_1336
003 - IDENTIFICADOR DEL NÚMERO DE CONTROL
campo de control CHAP
008 - DATOS DE LONGITUD FIJA--INFORMACIÓN GENERAL
campo de control de longitud fija 220125s1998 xx 000 0 und d
010 ## - NÚMERO DE CONTROL DE LA BIBLIOTECA DEL CONGRESO
Número de control de LC 200044
040 ## - FUENTE DE LA CATALOGACIÓN
Centro/agencia transcriptor CHAP
090 ## - LOCALMENTE ASIGNADO TIPO-LC NÚMERO DE CLASIFICACIÓN (OCLC); NÚMERO DE CLASIFICACIÓN LOCAL (RLIN)
Número de clasificación (OCLC) (R) ; Numero de clasificación, CALL (RLIN) (NR) PA TESIS 1277
100 ## - ENTRADA PRINCIPAL--NOMBRE DE PERSONA
Nombre de persona Valle Aguirre, Pablo
9 (RLIN) 117574
245 ## - MENCIÓN DE TÍTULO
Título Control químico de tizón foliar (Alternaria dauci Künh), en el cultivo de zanahoria (Daucus carota var. sativa L.), en Chapingo, México /
Mención de responsabilidad, etc. por Pablo Valle Aguirre
260 ## - PUBLICACIÓN, DISTRIBUCIÓN, ETC.
Lugar de publicación, distribución, etc. Chapingo, Méx. :
Nombre del editor, distribuidor, etc. El autor
300 ## - DESCRIPCIÓN FÍSICA
Extensión 48 h.
502 ## - NOTA DE TESIS
Nota de tesis Tesis (Ing. Agr. Esp. en Parasitología Agrícola), UACh. Depto. Parasitología
650 ## - PUNTO DE ACCESO ADICIONAL DE MATERIA--TÉRMINO DE MATERIA
Término de materia o nombre geográfico como elemento de entrada Fitopatología
9 (RLIN) 41161
650 ## - PUNTO DE ACCESO ADICIONAL DE MATERIA--TÉRMINO DE MATERIA
Término de materia o nombre geográfico como elemento de entrada Hongos fitopatógenos
9 (RLIN) 56132
650 ## - PUNTO DE ACCESO ADICIONAL DE MATERIA--TÉRMINO DE MATERIA
Término de materia o nombre geográfico como elemento de entrada Zanahoria
Subdivisión general enfermedades
9 (RLIN) 123584
710 ## - PUNTO DE ACCESO ADICIONAL--NOMBRE DE ENTIDAD CORPORATIVA
Nombre de entidad corporativa o nombre de jurisdicción como elemento de entrada UACh. Departamento de Parasitología Agrícola
9 (RLIN) 115877
901 ## - ELEMENTOS DE DATOS A LOCAL LDA (RLIN)
a PA TESIS 1277
902 ## - ELEMENTOS DE DATOS B LOCAL, LDB (RLIN)
a A
905 ## - ELEMENTOS DE DATOS E LOCAL, LDE (RLIN)
a 0000001998 0000000000 00
910 ## - DATOS DE OPCIÓN DEL USUARIO (OCLC)
Datos de opción del usuario 1998
942 ## - ELEMENTOS DE PUNTO DE ACCESO ADICIONAL (KOHA)
Tipo de ítem Koha Parasitologia_
942 ## - ELEMENTOS DE PUNTO DE ACCESO ADICIONAL (KOHA)
Tipo de ítem Koha Parasitologia_
-- 1
Holdings
Estado de retiro Estado de pérdida Fuente del sistema de clasificación o colocación Estado dañado Restricciones de uso No para préstamo Código de colección Localización permanente Ubicación/localización actual Ubicación en estantería Fecha de adquisición Información codificada de la localización en otra ubicación Número de inventario Total de préstamos Signatura topográfica completa Código de barras Fecha visto por última vez Número de copia Precio válido a partir de Tipo de ítem Koha Nota pública
    Clasificación Universidad Autónoma de Chapingo   Préstamo 3 días   Tesis Parasitologia Agricola Parasitologia Agricola   27/10/2005 PARA (PA_6631-2) (No. UACh CONSUMO)   PA TESIS 1277 4101001985 25/01/2022 Ej.2 25/01/2022 Tesis 3
    Clasificación Universidad Autónoma de Chapingo   Préstamo interno   Tesis Parasitologia Agricola Parasitologia Agricola   27/10/2005 PARA (PA_6631) (No. UACh CONSUMO)   PA TESIS 1277 4101001984 25/01/2022 Ej.1 25/01/2022 Tesis 3